| 000 | 01053cam a22003015a 4500 | ||
|---|---|---|---|
| 001 | 3032458 | ||
| 003 | EG-ScBUE | ||
| 005 | 20220410100332.0 | ||
| 008 | 950410s2003 enka f b 001 0 eng d | ||
| 020 | _a0415121434 (pbk.) | ||
| 020 | _a9780415121439 | ||
| 040 |
_aDLC _beng _erda _cDLC _dDLC _dEG-ScBUE |
||
| 082 | 0 | 4 |
_a401.41 _222 _bTEX |
| 245 | 0 | 0 |
_aTexts and practices : _breadings in critical discourse analysis / _cedited by Carmen Rosa Caldas-Coulthard and Malcolm Couthard. |
| 264 | 1 |
_aLondon ; _aNew York : _bRoutledge, _c2003. |
|
| 300 |
_axii, 294 pages : _billustrations ; _c24 cm |
||
| 336 |
_2rdacontent _atext _btxt |
||
| 337 |
_2rdamedia _aunmediated _bn |
||
| 338 |
_2rdacarrier _avolume _bnc |
||
| 504 | _aIncludes bibliographical references and index. | ||
| 650 | 7 |
_aDiscourse analysis _xSocial aspects. _2BUEsh _940302 |
|
| 651 | _2BUEsh | ||
| 653 |
_cJune2016 _bHHUUEENN |
||
| 655 |
_vReading book _934232 |
||
| 700 | 1 |
_aCaldas-Coulthard, Carmen Rosa, _eeditor. |
|
| 700 | 1 |
_aCoulthard, Malcolm, _eeditor. _940652 |
|
| 942 |
_2ddc _cBB |
||
| 999 |
_c21945 _d21917 |
||